00408nam a2200121Ia 4500008004100000245009900041260004500140260000900185300000800194500000900202650001300211856006200224170516s9999 xx 000 0 und d aEffects of flavonoids derived from Taxus yunnanensis on p-glycoprotein and cytochrome P450 3A4 bAsian Journal of Pharmaceutical Sciences c2013 a8:3 aJune xPharmacy uhttp://www.sciencedirect.com/science/journal/18180876/8/3